| 000 | 00557nam a22001577a 4500 | ||
|---|---|---|---|
| 003 | OSt | ||
| 005 | 20220107122757.0 | ||
| 008 | 150324b xxu||||| |||| 00| 0 eng d | ||
| 040 | _c | ||
| 100 |
_aJayanthi R (91612005) _96194 |
||
| 245 | _aSpecial logistics manager | ||
| 502 |
_bMSc. IT _c2012 - 2014 _dINT _ePradeep Kumar K _fAnaz M (Intellizenz Innovation Breakthroughz Pvt. Ltd.) _g"Intellizenz Innovation Breakthroughz Pvt. Ltd., Trivandrum" |
||
| 650 |
_aSPECIAL LOGISTICS MANAGER _96195 |
||
| 650 |
_aINDICATIVE CAPACITY APPRAISAL _96196 |
||
| 942 |
_2ddc _cPR |
||
| 999 |
_c4534 _d4534 |
||